1479 1675 1597 1087 1089 1599 1051 1143 1200 1182 1874 1541 1154 1234 1594 1597 1617 1917 1120 1120 1513 1039 1529 1178 1532 1785 1920 1099 1538 1095 1473 1203 1965 1303 1124 1294 1141 1202 1516 1400 1742 1453 1510 1736 1886 1178 1524 1448 1502 1574 1173 1265 1201 1986 1848 1766 1571 1250 1772 1127 1818 1015 1689 1830 1214 1818 1272 1702 1550 1190 1073 1988 1175 1725 1224 1604 1158 1382 1082 1038 1616 1684 1939 1361 1074 1887 1507 1792 1111 1630 1369 1377 1853 1375 1972 1232 1269 1475 1303 BCNSPRNW ULIB Ver.6.0+V

เปลี่ยนเป็นภาษาไทย

Change to English
 แสดงรายละเอียดบรรณานุกรม
  กลับหน้าหลัก

Brief Record : Get Marc (ISO 2709) : E-mail record : QR code < ปิดหน้าต่าง
LEADER : 00000nam 2200000uu 4500
001    13399126398
003     ULIB
008    020711s2017 th a 000 0 eng d
020    ^a9781496350299
060    ^aWB205^bB583B
100    ^aLynn S. Bickley
245    ^aBates Guide to Physical Examination and History Taking
250    ^a12nd ed
260    ^aPhiladelphia :^bWolters Kluwer,^c2017
300    ^a1034 pages;^b30 cm
650    ^aPhysical Examination-methods
650    ^aMedical History Taking-methods
945    ^p2890^l0^i004623
945    ^p2890^l0^i005390
999    ^aประนอม เกษจรัล
รายการนี้ยังไม่มีแท็ก
คุณยังไม่ได้ล็อกอิน คุณสามารถมีกิจกรรมร่วมกับเว็บไซต์ได้ แต่ต้องล็อกอินก่อน ::
  ล็อกอิน

รายการสื่อสารสนเทศ

ลำดับที่ ประเภท เลขเรียก/บาร์โค้ด สถานที่ สถานะ
1. วิทยาศาสตร์การแพทย์ และสุขภาพ
หนังสือสำรอง
สถานะ=หนังสือสำรอง
WB205 B583B ฉ.1 
  Barcode: 004623
ห้องสมุดวิทยาเขตสวรรค์ประชารักษ์
►หนังสือทั่วไป
บนชั้น
2. Book การพยาบาล
Book การพยาบาล
WB205 B583B ฉ.2 
  Barcode: 005390
ห้องสมุดวิทยาเขตสวรรค์ประชารักษ์
►หนังสือทั่วไป
บนชั้น

รายการใกล้เคียง
    ผู้แต่ง [Lynn S. Bickley]

    หัวเรื่อง [Physical Examination-methods]
    หัวเรื่อง [Medical History Taking-methods]

BibComment


ยังไม่เคยถูกคอมเมนท์

คอมเมนท์ทรัพยากรรายการนี้
  คอมเมนท์: Bates Guide to P..


 Copyright 2026. Bcnsprnw @Library